| 000 -LEADER |
| fixed length control field |
00990nam a2200217Ia 4500 |
| 003 - CONTROL NUMBER IDENTIFIER |
| control field |
OSt |
| 005 - DATE AND TIME OF LATEST TRANSACTION |
| control field |
20250227151756.0 |
| 007 - PHYSICAL DESCRIPTION FIXED FIELD--GENERAL INFORMATION |
| fixed length control field |
ca aa aaaaa |
| 008 - FIXED-LENGTH DATA ELEMENTS--GENERAL INFORMATION |
| fixed length control field |
201103s9999 xx 000 0 und d |
| 040 ## - CATALOGING SOURCE |
| Transcribing agency |
SSBUL |
| 041 ## - LANGUAGE CODE |
| Language code of text/sound track or separate title |
bur |
| 082 ## - DEWEY DECIMAL CLASSIFICATION NUMBER |
| Edition number |
23 |
| Classification number |
၂၉၄.၃၄ ဓမ် |
| Item number |
၉၃၀၉ S-SAT |
| 100 0# - MAIN ENTRY--PERSONAL NAME |
| Personal name |
ဓမ္မသာမိ၊ Dr.၊ ပါမောက္ခ၊ အောက်စဖိုဒ့်ဆရာတော် |
| 9 (RLIN) |
17328 |
| 245 10 - TITLE STATEMENT |
| Title |
စိတ်ခံစားမှုကျန်းမာရေး=Emotional health / |
| Statement of responsibility, etc. |
အောက်စဖိုဒ့်ဆရာတော်ပါမောက္ခDr. ဓမ္မသာမိ ။ |
| 250 ## - EDITION STATEMENT |
| Edition statement |
ပဉ္စမအကြိမ်။ |
| 260 ## - PUBLICATION, DISTRIBUTION, ETC. |
| Place of publication, distribution, etc. |
[နေရာမပါ] ၊ |
| Name of publisher, distributor, etc. |
[ထုတ်ဝေသူမပါ]။ |
| Date of publication, distribution, etc. |
[၂၀၁၅]။ |
| 300 ## - PHYSICAL DESCRIPTION |
| Extent |
၆၆ စာမျက်နှာ ၊ |
| Dimensions |
၁၄ စင်တီ ။ |
| 500 ## - GENERAL NOTE |
| General note |
S-SAT: Dr Sai Aung Tun |
| 650 ## - SUBJECT ADDED ENTRY--TOPICAL TERM |
| Topical term or geographic name entry element |
သတိပဌာန် |
| 942 ## - ADDED ENTRY ELEMENTS (KOHA) |
| Koha item type |
Books (Long term) |
| Source of classification or shelving scheme |
|